| 000 | 00747nam a2200241 04500 | ||
|---|---|---|---|
| 001 | 45824 | ||
| 090 | _a45824 | ||
| 100 | _a19981113d1978 m y0pory50030103ba | ||
| 101 | 1 | _apor | |
| 102 | _aPT | ||
| 200 | 1 |
_aO aprendiz _fAna Maria Matute _gtrad. Egito Gonçalves _gil. Dario Alves |
|
| 210 | 9 |
_aPorto _cAsa, _dimp. 1978 |
|
| 215 |
_a44, [4] p. _cil. _d21 cm |
||
| 225 | 2 |
_aAsa Juvenil. _iSérie autores estrangeiros |
|
| 317 | _aBiblioteca Matilde Rosa Araújo | ||
| 675 |
_a087.5 _vmed _zpor |
||
| 675 |
_a821.134.1-93"19/20" _vBN _zpor |
||
| 675 |
_a821.134.1-34"19/20" _vBN _zpor |
||
| 700 | 1 |
_aMatute, _bAna María, _f1925-2014 |
|
| 702 | 1 |
_aGon—calves, _bEgito, _f1920-2001 _4730 |
|
| 702 | 1 |
_aAlves, _bDário, _f1940- _4440 |
|
| 801 | 0 |
_aPT _bBN _gRPC |
|
| 990 | _cLIVROS | ||